| 000 | 00926cad a22002055a 4500 | ||
|---|---|---|---|
| 001 | E154275 | ||
| 008 | 111108e20111027xxk 000 0 eng d | ||
| 035 | _a(Sirsi) u154275 | ||
| 041 | 0 | _aeng | |
| 110 | 2 |
_aRoyal Institution of Chartered Surveyors _bScotland _93082 |
|
| 245 | 0 | 0 |
_aNew contracts launched for Construction Act changes _h[electronic resource] |
| 260 | _c2011 | ||
| 490 |
_aRICS Scotland News Release _v27 October 2011 |
||
| 520 | _aThe Scottish Building Contract Committee (SBCC) are launching new building contracts which will incorporate the changes to the Construction Act in Scotland from 1 November. | ||
| 590 | _aKA | ||
| 651 | 4 |
_aScotland _y1999- |
|
| 690 | _aBUILT ENVIRONMENT-BUILDING CONTRACT FORMS-STANDARD FORMS OF BUILDING CONTRACT | ||
| 856 | 4 | 0 |
_uhttps://www.rics.org/site/scripts/press_article.aspx?pressreleaseID=676&categoryID=487 _zView the item free of charge at www.rics.org |
| 942 | _n0 | ||
| 999 |
_c83554 _d83554 |
||